<?xml version="1.0" encoding="UTF-8"?>
<record
    xmlns:xsi="http://www.w3.org/2001/XMLSchema-instance"
    xsi:schemaLocation="http://www.loc.gov/MARC21/slim http://www.loc.gov/standards/marcxml/schema/MARC21slim.xsd"
    xmlns="http://www.loc.gov/MARC21/slim">

  <leader>008700000a22001450004500</leader>
  <controlfield tag="001">254</controlfield>
  <datafield tag="041" ind1="0" ind2=" ">
    <subfield code="a">SPA</subfield>
  </datafield>
  <datafield tag="082" ind1="0" ind2="4">
    <subfield code="a">R 261.91 D41313d</subfield>
  </datafield>
  <datafield tag="245" ind1="1" ind2="0">
    <subfield code="a">Distintivos denominacionales - 1981-1983-1984 / Amparo Garc&#xED;a Pe&#xF1;a...[et. al.]</subfield>
  </datafield>
  <datafield tag="260" ind1=" " ind2=" ">
    <subfield code="a">Medell&#xED;n, Colombia : Seminario B&#xED;blico de Colombia</subfield>
  </datafield>
  <datafield tag="300" ind1=" " ind2=" ">
    <subfield code="a">[pag. var&#xED;a].</subfield>
  </datafield>
  <datafield tag="505" ind1="0" ind2="0">
    <subfield code="a">- Iglesia Presbiteriana, Amparo Garc&#xED;a, Edilberto Daza, Armando Sandoval - Iglesia Interamericana de Colombia, Carlos Cabrera - Asociaci&#xF3;n de Iglesias Evang&#xE9;licas de Colombia AIEC, Pablo Castro - Asociaci&#xF3;n de Iglesias Evang&#xE9;licas del Magdalena ASIEMAG, Milton E Mart&#xED;nez - Asociaci&#xF3;n de Iglesias Evang&#xE9;licas Emanuel, John Fredy Rodr&#xED;guez - Centro Evangelizador La Victoria, Diego E. Pineda - Hermanos Menonitas, Cris&#xF3;stomo y Beatriz Humanez</subfield>
  </datafield>
  <datafield tag="650" ind1="1" ind2="4">
    <subfield code="a">IGLESIA - DENOMINACIONES \ IGLESIA - HISTORIA</subfield>
  </datafield>
  <datafield tag="942" ind1=" " ind2=" ">
    <subfield code="c">BK</subfield>
  </datafield>
  <datafield tag="952" ind1=" " ind2=" ">
    <subfield code="0">0</subfield>
    <subfield code="1">0</subfield>
    <subfield code="3">13</subfield>
    <subfield code="4">0</subfield>
    <subfield code="7">0</subfield>
    <subfield code="8">REF</subfield>
    <subfield code="a">FUSBC</subfield>
    <subfield code="b">FUSBC</subfield>
    <subfield code="d">2004-09-07</subfield>
    <subfield code="l">0</subfield>
    <subfield code="o">R 261.91 D41313d </subfield>
    <subfield code="p">8515</subfield>
    <subfield code="r">2025-05-31 00:00:00</subfield>
    <subfield code="t">1</subfield>
    <subfield code="w">2016-01-26</subfield>
    <subfield code="y">REF</subfield>
    <subfield code="B">0</subfield>
    <subfield code="C">3</subfield>
  </datafield>
  <datafield tag="999" ind1=" " ind2=" ">
    <subfield code="c">31791</subfield>
    <subfield code="d">31791</subfield>
  </datafield>
</record>
